| 000 | 00472nam a2200169Ia 4500 | ||
|---|---|---|---|
| 005 | 20250923150305.0 | ||
| 008 | 008 250917s9999 xx 000 0 eng d | ||
| 037 | _aReference | ||
| 040 |
_aDSWL _beng _cDSWL |
||
| 041 |
_aeng _2eng |
||
| 084 |
_an2,N53, Q2/RR _qDSWL |
||
| 245 | 0 | _aIndia 2012 : A refernce annual | |
| 260 |
_aNew Delhi _b Piblications Division _c2012 |
||
| 300 | _a1400p. | ||
| 942 |
_cREF _hn2,N53, Q2/RR |
||
| 999 |
_c1461757 _d1461757 |
||